| 000 | 01058nac a22002897a 4500 | ||
|---|---|---|---|
| 001 | BR7901153 | ||
| 003 | BR-BrBNA | ||
| 005 | 20240105114404.0 | ||
| 008 | 230509b bl.|||m| |||| 00| 0 por d | ||
| 040 |
_aBR-BrBNA _bpor _cBiblioteca Nacional de Agricultura |
||
| 072 | _aE70 | ||
| 090 | _aE70 BR7901153 | ||
| 100 | 1 | _aRivoli, G. | |
| 110 | 1 |
_aInstituto Brasileiro de Desenvolvimento Florestal, Brasilia, DF (Brasil). Coordenadoria de Planejamento; _95730 |
|
| 110 | 1 |
_aProjeto de Desenvolvimento e Pesquisa Florestal, Brasilia, DF (Brasil) _98062 |
|
| 245 | 1 | _aPadronizacao de medidas e qualidades da madeira serrada, no polo Marajo destinada a exportacao [Amazonia] | |
| 260 | 3 |
_aBrasilia, DF (Brasil): _c1978. |
|
| 300 | _a74 p. | ||
| 490 |
_aColecao Desenvolvimento e Planejamento Florestal. Serie Tecnica (Brazil) _vno. 6 _x |
||
| 500 | _a31 ref. | ||
| 650 | _aEXPORTACAO | ||
| 650 | _aMADEIRA | ||
| 650 | _aCONTROLE DE QUALIDADE | ||
| 650 | _aILHA DE MARAJO | ||
| 909 |
_a202312 _bLúcia Elande _c55 _dLúcia Elande |
||
| 942 |
_2AGRIS _n0 _cMS |
||
| 999 |
_c269071 _d269071 |
||